000 00712nam a2200169 a 4500
008 160914s2015 ||||||||||||||||| || u
050 _aCBU-PG THESIS/KOL
100 _aKolala, Mumba
245 1 2 _aA study of earthen embankment water dams on the Copperbelt province
_cby Mumba Kolala
260 _aKitwe:
_bCopperbelt University
_c2015
300 _axiv, 122p.: ill.
500 _aIncludes References
650 _aDAM FAILURES--INVESTIGATION--ZAMBIA
650 _aDAMS--DESIGN AND CONSTRUCTION
650 _aDAMS--TECHNOLOGY AND ENGINEERING
995 _FCBU-MAIN LIBRARY (Kitwe)
_M1
_UAVAILABLE
_WSep 14, 2016
_XCopperbelt University
_ZUniversity Collection
999 _c58841
_d58841